| 000 | 01084cam a22003137a 4500 | ||
|---|---|---|---|
| 003 | CHAP | ||
| 005 | 20220329141805.0 | ||
| 008 | 971013s1918 mx r 00010 spa d | ||
| 010 | _a73857 | ||
| 011 | _a74829 | ||
| 035 | _a84388 | ||
| 040 | _cCHAP | ||
| 090 | _aTesis | ||
| 100 | 0 | 0 |
_aGarza, Felipe de la. _947176 |
| 245 | 1 | 0 | _aBreve estudio de las condiciones agronómico industriales y económico-sociales de los terrenos ubicados en la margen izquierda del Río Colorado, Distrito de Altar, Sonora |
| 260 |
_aSan Jacinto, Méx. : _bEl autor, _c1918 |
||
| 300 | _a14 h. | ||
| 502 | _aTesis (Ing. Agrónomo) -- ENA. | ||
| 590 |
_aALEPH _b10 _c20130110 _lUCH01 _h1417 |
||
| 590 |
_aBATCH-UPD _b10 _c20130110 _lUCH01 _h0700 |
||
| 590 |
_aBATCH-UPD _b10 _c20130410 _lUCH01 _h0345 |
||
| 590 |
_aCONVERSION _b10 _c20130109 _lUCH01 _h1340 |
||
| 650 | 1 | 4 |
_aAgricultura _xAspectos economicos _xSonora. _91294 |
| 650 | 1 | 4 |
_aDistrito de Riego Altar, Son. _932840 |
| 901 | _aBK | ||
| 942 | _cFOLL | ||
| 949 |
_bBC _cTES _d-39712 _eTS1 _i84388 _si |
||
| 949 |
_bBC _cTES _d-39713 _eTS2 _fc.2 _i84388 _si |
||
| 999 |
_c73857 _d73857 |
||